Loreto College Library, Kolkata
WEBOPAC (ONLINE PUBLIC ACCESS CATALOGUE)

Spelling for witing (Record no. 26078)

MARC details
000 -LEADER
fixed length control field 00497nam a2200181Ia 4500
008 - FIXED-LENGTH DATA ELEMENTS--GENERAL INFORMATION
fixed length control field 131103s9999 xx 000 0 und d
020 ## - ISBN | অাই এস বি এন
ISBN | অাই এস বি এন 0-675-04418-9
040 ## - CATALOGING SOURCE
Original cataloging agency Loreto College
041 ## - LANGUAGE CODE
Language code English
082 ## - DDC | ডিউই
Classification number | বর্গসংখ্যা 371.63/HIL
Book Number | গ্রন্থাঙ্ক LCBED/9068
100 ## - MAIN ENTRY--PERSONAL NAME | মুখ্য সংলেখ - ব্যাক্তিনাম
Personal name | ব্যাক্তিনাম Hillerich, Robert L.
245 ## - TITLE STATEMENT | অাখ্যা বিবরণী
Title | অাখ্যা Spelling for witing
Statement of responsibility | লেখকের দায়িত্বের বিবরণ Robert L.Hillerich , Sharon Gould
260 ## - IMPRINT | প্রকাশনা ক্ষেত্র
Place of publication | প্রকাশ স্থান America
Name of publisher | প্রকাশকের নাম Charles E.Merrill
Date of publication | প্রকাশ কাল 1976
300 ## - PHYSICAL DESCRIPTION |
Page / Vol. No | পৃষ্ঠা / খন্ড সংখ্যা 166p
650 ## - SUBJECT ADDED ENTRY--TOPICAL TERM | বিষয় শিরোনাম - মূল বিষয়
Topical term | মূল বিষয় Education
850 ## - HOLDING INSTITUTION
Holding institution LCBED/371.63/HIL
942 ## - ADDED ENTRY ELEMENTS (KOHA)
Koha item type Books
Holdings
Withdrawn status Lost status Damaged status Not for loan Home library Current library Date acquired Total Checkouts Full call number Accession No. Date last seen Price effective from Koha item type
        Loreto College Loreto College 04/11/2013   371.63/HIL LCBED/9068 B28918 04/11/2013 04/11/2013 Books